000 00571nam a2200193 a 4500
005 20240614063657.0
008 991125s1974 fr 000 0 eng u
020 _a2010003721
035 _aUPN01000002469
049 _aF
050 4 _aPE1066 F3
_bA4.7
245 0 0 _aAmerican short stories /
_cselec. and adapted by Claud Duverlie.
260 _aParís :
_bHachette,
_c1974.
300 _a62 p. :
_bil.
440 0 _aFacts and fiction in easy English.
_pThird grade
650 4 _aInglés
_xEstudio y enseñanza
_918
700 1 _aDuverlie, Claud,
_ecomp.
905 _aLibro
999 _c2469
_d2469